[Event "Biel GM 50th"]
[Site "Biel"]
[Date "2017.07.28"]
[Round "5"]
[White "Morozevich, Alexander"]
[Black "Vaganian, Rafael A"]
[Result "1-0"]
[WhiteElo "2675"]
[BlackElo "2562"]
[Annotator "Marin,M"]
[PlyCount "85"]
[EventDate "2017.07.24"]
[EventType "tourn"]
[EventRounds "9"]
[EventCountry "SUI"]
[EventCategory "16"]
[SourceTitle "CBM 180"]
[Source "ChessBase"]
[SourceDate "2017.09.13"]
[SourceVersion "1"]
[SourceVersionDate "2017.09.13"]
[SourceQuality "1"]

1. e4 e6 2. d4 d5 3. Nc3 Bb4 4. e5 b6 {For general information about this
old-fashioned system kindly check my article published with CBM 159.} 5. a3 ({
The main alternative is} 5. Qg4 Bf8 6. Bg5 Qd7 7. O-O-O h6 8. Qh3 Ne7 9. Bxe7
Bxe7 10. f4 Ba6 11. Nf3 Bxf1 12. Rhxf1 Nc6 13. g4 O-O-O 14. f5 Na5 15. Kb1 c5 {
Guliyev,N (2577)-Marin,M (2572) Baku 2016 CBM 175 [Marin,M] (1-0, 31), with
excellent play for Black who ruined his position slightly later.}) 5... Bf8 6.
Bb5+ {To me this looks slightly premature.} (6. Nf3 Ne7 7. h4 (7. Bd3 Ba6 8.
Nb5 Nc8 {Alekseev,E (2677)-Marin,M (2603) Jerusalem 2015 CBM 166 [Marin,M] 
(1-0, 49), with complicated play. Black lost only after forcing matters in a
roughly equal position.}) 7... h6 8. h5 ({White soon saw his structure ruined
after} 8. b4 c5 {Negi,P (2661)-Marin,M (2548) La Massana 2012 CBM 149 Extra 
[Marin,M] (1-0, 42)}) 8... a5 $6 ({Now I know this is a weakening and a loss
of time and would prefer} 8... c5 9. Ne2 Ba6 {Dolmatov,S (2520)-Gulko,B (2515)
Volgograd 1985 (1-0, 36)}) 9. Nb5 $1 $146 Ba6 10. c4 dxc4 (10... Qd7 11. Qa4
Nbc6 12. b3 $14) 11. Qa4 Nd7 (11... Nbc6 12. Bxc4 Qd7 {offers better chances
for a decent game}) 12. Bxc4 Nd5 13. Bxd5 exd5 14. Nc3 Bb7 15. Ne2 $36 {
Svetushkin,D (2562)-Marin,M (2549) Calimanesti Caciulata 2016 (1-0, 37)}) 6...
c6 7. Ba4 a5 $6 {Even though a popular move, I would extend my previously
expressed criticism to this one, too.} (7... Bd7 {looks like a better way of
taking advantage of the unnatural bishop's development.} 8. Nf3 c5 9. Bb3 Ne7
10. Ne2 Bb5 (10... c4 $5 11. Ba2 Nbc6 {[%cal Gb6b5,Ga7a5,Ge7c8,Gc8b6]}) 11. c3
Nbc6 {Lopez Martinez,J (2528)-Gonzalez Rodriguez,J (2422) Barcelona 2011 
(½-½, 66), with normal French play.}) 8. Nce2 ({Deviating from his own
previous game:} 8. Nf3 Ba6 9. Ne2 Bxe2 10. Qxe2 b5 11. Bb3 a4 12. Ba2 Be7 ({
Actually Black's play was more inspired in the following game:} 12... Nd7 13.
c3 Nb6 14. Bb1 Nc4 15. Ng5 g6 16. Qf3 Qe7 17. Qg3 Kd7 18. h4 h5 19. Nh3 Nh6 20.
Bg5 Qe8 21. Ra2 Be7 22. Nf4 Kc7 23. Nd3 Nf5 24. Qf4 Kb6 {Carlsen,M (2581)
-Gurevich,M (2644) Sanxenxo 2004 CBM 105 [Finkel,A] (1/2-1/2, 43)}) 13. c3 h5
14. Bb1 Nh6 15. h3 Kd7 16. Bf4 Kc7 17. Bd3 Nd7 18. O-O-O Nb6 19. Kb1 Nc4 20.
Bc1 g6 21. g4 $14 {Morozevich,A (2683)-Glek,I (2404) Cheboksary 2016 (1-0, 36)
with some chances for taking over the initiative. In both games a blocked
queenside meant a safe place for the king.}) 8... Ba6 9. c3 Bb5 {Trying to
gain queenside space.} 10. Bc2 ({Actually} 10. Bxb5 {makes some sense.} cxb5 {
The best Black could achieve is blocking the queenside with ...a5-a4, without
the possiblity of later breaking with ...c5. This would leave White some
freedom in building up his kingside play.} 11. Qd3 Qd7 12. h4 h5 {[%csl Gg5]} (
12... a4 $5 {is less committal.} 13. h5 h6 14. Nf3 Nc6 15. Nh4 Na5 16. f4 Ne7
17. g4 Nec6 18. f5 Be7 19. Ng2 exf5 20. gxf5 Nc4 21. O-O O-O-O {White's space
advantage is optically impressive but he has some queenside worries and his
king is not completely safe. This makes the position double-edged.} 22. Nef4
Bg5 $11) 13. Nf3 a4 14. Rh3 Nc6 15. Ng5 (15. Qxb5 Nxe5 $11 16. Qxb6 $2 Nc4 $19)
15... Nh6 16. Nh7 Nf5 17. Nxf8 Rxf8 18. Bg5 Na5 19. O-O-O $6 {White should
have provoked ...g7-g6 so as to forget about the threat ...f7-f6.} (19. Ng3 g6
20. Ne2 $14 {[%cal Gf2f3]}) (19. Qf3 g6 20. Nf4 Qc6 21. Qe2 Kd7 22. f3 $14)
19... Qc6 (19... f6 $1 20. Bf4 O-O-O $11) 20. Kb1 Kd7 21. f3 Qc4 22. g4 $36 {
Zawadzki,S (2403)-Szwed,J (2364) Chotowa 2007 (1-0, 55)}) 10... a4 11. h4 {
The move order is not always important, as transpositions are possible. Here
are just a few examples in which White played differently at this point in the
game.} (11. Nf3 h6 (11... c5 12. O-O Ne7 13. Re1 Ng6 {Black starts losing too
much time.} 14. g3 Nc6 15. h4 Qd7 16. Kg2 Na5 17. h5 Ne7 {Stojanovski,D (2437)
-Nikoloski,K (2142) Struga 2010 (1-0, 39)} 18. h6 $14) (11... Qd7 {wastes a
tempo by developing the queen too early.} 12. O-O c5 13. Re1 Nc6 14. Ng3 g6 $6
15. h4 Na5 16. h5 Nc4 17. Nd2 Ne7 18. Nxc4 Bxc4 19. Bg5 $36 {Vehi Bach,V (2400)
-Vogel,J (2315) Groningen 1990 (1-0, 37)}) 12. O-O c5 13. Be3 ({This looks too
slow. The critical plan is as above:} 13. Re1 Nc6 14. Ng3 {[%cal Gg3h5]} g6 $6
15. h4 $36) 13... Nc6 14. Ne1 cxd4 $6 {Black should not have hurried opening
the c-file and helping White to clear the c3-square.} (14... Nge7 15. dxc5 bxc5
16. Bxc5 Nxe5 $13) 15. cxd4 Qd7 (15... Nge7 $5) 16. Nd3 Na5 17. Nc3 Nc4 18. h4
Ne7 19. h5 (19. Bc1 Nf5 20. Nf4 $14) 19... Nf5 20. Qe1 Be7 21. g4 Nfxe3 22.
fxe3 Bg5 23. Rf3 Bc6 24. Qf2 f6 $13 {Arizmendi Martinez,J (2440)-Gonzalez
Rodriguez,J (2385) Valencia 1998 (1/2-1/2, 51)}) 11... c5 12. Nf3 Qd7 13. h5
Nh6 $6 {I do not see any idea behind this move.} ({Since White has deprived
his knights of the h5-square Black could continue as above:} 13... Nc6 14. O-O
Na5 15. Re1 h6 16. Ng3 Ne7 $11) 14. O-O Nc6 ({Black is not in time to block
the queenside with} 14... Bxe2 $2 15. Qxe2 c4 {due to} 16. Ng5 g6 17. g4 Nc6
18. hxg6 hxg6 19. Kg2 Na5 20. Be3 Nb3 21. Rae1 O-O-O 22. Rh1 Bg7 23. Rh3 $18 {
Just one of the lines where it can be felt that the knight stands awful on h6.}
) 15. Re1 Bxe2 $6 {In connection with the next move, a curious decision.} ({But
} 15... Na5 16. Bg5 {does not look too much more promising for Black:} Be7 ({
Actually admitting that Black has lost two tempi by playing} 16... Ng8 {
[%cal Gf8e7] makes some sense.}) 17. Bxe7 Kxe7 18. Nf4 Kd8 19. Rb1 $16 {
[%csl Rd8,Rh6,Gh7][%cal Gb2b3,Gf3g5]}) 16. Rxe2 c4 17. Bxa4 $18 {White has won
an important pawn and retains the better position.} g6 18. Nh2 gxh5 19. Re3 Nf5
20. Rh3 h4 21. Bg5 Be7 22. Bxe7 Kxe7 23. Ng4 Kd8 24. Nf6 Qb7 25. Bc2 Nce7 26.
Qh5 Rf8 27. Nxh7 Kc7 28. Nxf8 Rxf8 {This would have been a good moment for
resigning. Vaganian's hopes to set up a fortress are very utopian.} 29. a4 Kb8
30. Rb1 Qc8 31. b3 cxb3 32. Rxb3 Nxd4 33. Rxb6+ Ka7 34. Rb2 Nxc2 35. Rxc2 Nf5
36. Rb2 Qc7 37. Qe2 Rb8 38. Rxb8 Qxb8 39. Rd3 Qb3 40. Rd1 Qxc3 41. Qb5 Qc7 42.
a5 Ne7 43. Rb1 1-0

[Event "Lund CellaVision Cup"]
[Site "Lund"]
[Date "2019.08.04"]
[Round "8"]
[White "Popilski, Gil"]
[Black "Marin, Mihail"]
[Result "0-1"]
[WhiteElo "2467"]
[BlackElo "2522"]
[Annotator "Marin,M"]
[PlyCount "100"]
[EventDate "2019.08.02"]
[EventType "swiss"]
[EventRounds "8"]
[EventCountry "SWE"]
[SourceTitle "CBM 191 Extra"]
[Source "ChessBase"]
[SourceDate "2019.09.30"]
[SourceVersion "1"]
[SourceVersionDate "2019.09.30"]
[SourceQuality "1"]
[WhiteClock "0:05:38"]
[BlackClock "0:02:09"]

{[%evp 0,100,27,-4,36,52,59,72,43,19,89,54,54,46,62,41,41,20,41,21,16,-10,3,
-19,-14,-40,-13,-42,-35,-25,-21,-16,7,2,12,-4,11,5,18,17,18,12,44,21,38,11,17,
-17,-5,-55,-55,-51,-47,-47,-41,-53,-33,-56,-50,-135,-33,-157,-101,-280,-195,
-202,-66,-59,-49,-24,-19,-19,2,2,18,79,-11,-13,7,-27,14,-26,66,0,-43,-43,-24,
-130,-154,-147,-110,-107,-110,-444,-444,-430,-498,-498,-498,-537,-537,-554,
-537]} 1. e4 e6 2. d4 d5 3. Nc3 Bb4 4. e5 b6 {I have examined this variation
in my article on the CBM 159 DVD.} 5. Nf3 $5 {White intends to avoid early
commitments.} ({The main lines are:} 5. Qg4 Bf8 {and}) (5. a3 Bf8) 5... Ne7 {
Now that Qg4 is not possible anymore, Black does not need to keep the
possibility of ...Bf8.} 6. Bd3 {But White is not forced already to waste a
tempo with a2-a3, which would also deprive the queen's bishop of the a3-square.
} (6. a3 $6 Bxc3+ 7. bxc3 Ba6 8. Bxa6 Nxa6 9. Qd3 (9. O-O c5 {is also
comfortable for Black.}) 9... Nb8 10. O-O (10. c4 c5 $5 $146 11. dxc5 bxc5 12.
O-O Nbc6 $11) 10... c5 11. a4 Nd7 12. Ba3 Rc8 13. Rfd1 O-O 14. a5 h6 15. Qe2
Re8 16. h4 Nc6 17. axb6 axb6 18. Bc1 f6 19. exf6 {½-½ Geller,E-Spassky,B
Sukhumi 1968} Qxf6 $11 {/=/+}) 6... Ba6 7. O-O Bxd3 {I spent 11 minutes on
this move.} ({I was not too keep to strengthen White's centre with} 7... Bxc3
8. bxc3 Bxd3 9. cxd3 {possibly followed by c3-c4. A classical game went} Nd7
10. Re1 h6 11. Nh4 g6 12. Ba3 c5 13. Qg4 (13. c4 $1 $14 {is the kind of move
that was worrying me.}) 13... Qc8 14. dxc5 Qa6 15. c6 Nxc6 16. Bd6 Qxd3 {
with excellent compensation for the pawn in De Firmian,N (2475)-Kogan,B
Greenville 1983 (1-0, 38)}) 8. Qxd3 Bxc3 9. Qxc3 (9. bxc3 {makes less sense
now:} Qc8 $1 10. c4 (10. Ba3 Qa6 {is also comfortable for Black.}) 10... Qa6
11. Nd2 Nbc6 12. a4 Na5 {with goodcounterplay o light squares.}) 9... Nbc6 $5 (
9... Nd7 10. Qd3 c5 {looks more in the spirit of the French Defence, but I
wanted to keep the possibility of castling long if things turned dangerous on
the other wing.}) 10. Ng5 {Played after 15 minutes. My opponent obviously
wanted to take measures against my castling short.} (10. b4 Qd7 11. a4 O-O {
is fine for Black, as White has just spent two queenside tempi, weakening his
light squares in the process.}) 10... h6 11. Nh3 Qd7 12. Qd3 O-O-O {Switching
to the scenario from the aforementioned game: White will attack on the
queenside and Black on the opposite wing, a bit contrary to the basic French
principles.} 13. Qa6+ Kb8 14. c3 f6 $5 {I wanted to provoke f2-f4 before
blocking the kingside, as after} (14... f5 15. Nf4 g5 $6 16. Nh5 {White
suddenly has pressure on both wings.}) 15. f4 (15. exf6 gxf6 $17 {would not
only clear the g-file for Black's rooks, but also offer the enemy knights the
d6 (and sometimes e4) square.}) 15... f5 {Going straight for the kingside
attacking plan and turning things double-edged.} (15... h5 16. b4 Nf5 {reaches
a nice kingside fortress, but without any possibilities of developing the
counterplay, while White could continue his attack with} 17. a4) (15... Na5 $5
{was a moe flexible alternative, though. Before defiing his kingside
intentiones Black puts an end to White's attacking plans.} 16. b3 (16. b4 Nc4 {
is strategically awfull for White.}) 16... h5 17. Bd2 Nf5 {with balanced play.}
) 16. Be3 Rdg8 $1 {[%cal Gc6d8,Gd8f7,Gg7g5] The start of a perfect regrouping,
based on ...Nd8-f7 and ...g7-g5.} 17. Rf3 {My opponent perfectly understood
that he has to combine attacking with prophylaxis.} (17. a4 {runs into} Na5 {
with even bigger effect than above, as b3 is weak.}) (17. b4 {is too slow, as
b4-b5 is not a threat yet in view of ...Na5. Therefore Black can speed up his
attack with} g5 $5 18. fxg5 hxg5 19. Nxg5 Ng6 {with excellent attacking
chances, as the queen will join the battle along the seventh rank soon.}) 17...
Nd8 18. Rg3 {Continuing to fight against ...g7-g5.} ({The standard plan} 18. a4
Nf7 19. a5 {offers little as after} g5 20. axb6 cxb6 {possibly followed by ...
Nc8 White does not have enough resources to create queenside threats.}) 18...
Nf7 19. b3 {Since the advance of the a-pawn is not dangerous, White decides to
gain space in the centre.} g6 {Preparing to double rooks on the g-file. I
invested some time into calculating} (19... g5 $6 20. fxg5 hxg5 21. Nxg5 f4 22.
Bxf4 (22. Nxf7 $6 fxg3 23. Nxh8 Nf5 24. Bf4 gxh2+ 25. Kh1 Nh4 26. g3 Nf5 $15 {
is promising for Black, who will retrieve the knight at his leisure,
maintaining attacking chances.}) 22... Nf5 23. Nxf7 Nxg3 24. Nxh8 {I needed
some time to notice that} Ne2+ $2 {is impossible due to} 25. Qxe2 {. But I
also kept this type of line in reserve for the moment White plays c3-c4.}) 20.
Rd1 {White plays very carefully.} ({Against} 20. c4 {I was ready to "lose a
tempo" with} dxc4 21. bxc4 g5 {when apart from the detail mentioned above, d4
would be hanging.}) 20... Rg7 21. c4 Rhg8 22. Kh1 {Another prophylactic move,
the idea behind which will be revealed below. White mainly clear the g1-square
for the knight.} ({If} 22. c5 g5 23. b4 Nc6 24. Rb1 Qc8 25. Qa4 Qb7 {Planning
to secure the ueenside with ...b6-b5.} 26. b5 Na5 {things remain stable on the
queenside.}) 22... g5 23. Rc1 $6 ({Aiming at adding force to c4-c5, but safer
was} 23. c5) 23... g4 $1 {A paradoxical decision. Black blocks the kingside in
order to play ...h5-h4-h3 with gain of time, based on the fact that he can
open the long diagonal with ...dxc3. But the move order is quite important.}
24. Ng1 ({The point behind Kg1-h1 is that after} 24. Nf2 h5 25. Bd2 h4 26. Rd3
{Black manages to open a kingside file with} g3) 24... h5 25. Bd2 h4 ({I had
considered} 25... dxc4 26. bxc4 Qxd4 {and rightly decided it would offer White
too much play:} 27. Ra3 Qxd2 (27... Nc8 28. Be3 Qe4 29. c5 {offers White a
strong attack.}) 28. Qxa7+ Kc8 {I was not too keen to play this position and
White, indeed, has} 29. Qa8+ Kd7 30. Qa4+ $1 {planning Rd1, when the only way
to stay in the game is} b5 31. Qxb5+ c6 {with unclear play.}) 26. Rd3 dxc4 ({
I was afraid that after} 26... h3 27. c5 {White might well be able to defend.})
27. bxc4 h3 28. Ne2 {Relatively best.} ({If} 28. g3 {I intended to play} c5 (
28... Qc6+ 29. d5 Qa8 30. Qb5 Rd8 $19 {is in fact even stronger.}) 29. d5 exd5
30. cxd5 Nxd5 $17 {Due to his exposed king White cannot prove any compensation
for the pawn.}) 28... hxg2+ 29. Kg1 Nd8 $5 {Starting to clear the seventh rank
in order to allow the queen joining the battle.} 30. Rd1 Rh7 31. Be1 Rgh8 32.
Bg3 c6 $6 {This over-cautious move, taking measures against d4-d5 but
weakening the king's residence, offers White chances to stay in the game.} ({
Shirov suggested} 32... Nb7 33. Ra3 Nc8 $15 {followed by an attack along the
h-file.}) (32... Nec6 {, threatening ...Nb4, might have been an even better
move order:} 33. Ra3 {Principled but wrong.} (33. a3 {is met with} Nb7 {
since d4-d5 runs into ...Nc5 and if} 34. Kxg2 Nca5 {with initiative on both
wings.}) 33... Rxh2 $1 {This orks because the rook on d1 is undefended.} 34.
Bxh2 Qh7 35. Bg3 Qh1+ 36. Kf2 Qxd1 $19) 33. Kxg2 Ng6 34. d5 $1 {Due to the
threat ...Nh4 White cannot aste time before launching his counterplay.} cxd5
35. cxd5 exd5 36. Rxd5 Qc6 37. Kg1 Nb7 38. Qd3 (38. Rd6 Nxd6 39. Rxd6 Qe8 {
does not offer White adequate compensation for the exchange as the rooks
provide the queenside with enough defence. For instance} 40. Nd4 Rc7 {
defending c6 and preparing to attack along the c-file.}) 38... Nh4 39. Bxh4
Rxh4 40. Rc1 Nc5 41. Rd8+ Kb7 42. Rxh8 Rxh8 {Black's position is pleasant as
his king is much safer than White's. But the strong passed pawn on e5 offers
White chances to maintain the equality. My opponent was already living out of
the half minute increment for several moves and now commits the decisive
mistake.} 43. Qxf5 $2 (43. Qe3 $2 {is also bad due to} Qh6 44. Qf2 Ne4 45. Qg2
Rd8 {with a decisive attack.}) ({The only way to maintain approximate equality
was} 43. Qd2 Ne4 (43... Qh6 {is met with} 44. Ng3) 44. Qd3 {Black has no easy
way to make progress. He could repeat moves, of course, or else alow hite
delivering perpetual check after} Qh6 45. Qd7+ {but little more than that.})
43... Qf3 $1 {The decisive intrusion.} 44. Rxc5 {There isn't anything better
as if, for instance} (44. Rc2 Ka6 $1 {suggested by my wife, Black could insert
his attack into the attack without allowing a perpetual.}) 44... bxc5 45. Qd7+
Ka8 46. Nc3 {This loses the knight without reaching a perpetual.} ({But} 46.
Qd2 c4 {does not offer saving chances, either.}) 46... Qe3+ 47. Kh1 Qf3+ 48.
Kg1 Qxc3 $1 ({I assumed that the ending resulting after} 48... g3 49. Qd5+ Qxd5
50. Nxd5 gxh2+ 51. Kh1 Kb7 {should be won, but it is not too technical to
switch to such positions where everything may deepnd on one tempo.}) 49. Qc6+
Kb8 50. Qd6+ Kb7 (50... Kb7 {The point is that the white queen cannot keep
both f6 and d5 uder control while checking:} 51. Qd7+ (51. Qe7+ Ka8 {and there
is no check on d5.}) 51... Kb6 $1 {and in the absence of Qf6+, which would win
the rook, the king cn safely advance to, say, e3.}) 0-1

[Event "BRA-ch 81st"]
[Site "Joao Pessoa"]
[Date "2015.01.21"]
[Round "6"]
[White "Mekhitarian, Krikor Sevag"]
[Black "Jatoba de Oliveira Reis, Paulo Fernando"]
[Result "1-0"]
[WhiteElo "2565"]
[BlackElo "2387"]
[Annotator "Mekhitarian,K"]
[PlyCount "51"]
[EventDate "2015.01.17"]
[EventType "tourn"]
[EventRounds "11"]
[EventCountry "BRA"]
[EventCategory "5"]
[SourceTitle "CBM 170"]
[Source "ChessBase"]
[SourceDate "2016.01.15"]
[SourceVersion "1"]
[SourceVersionDate "2016.01.15"]
[SourceQuality "1"]

1. e4 e6 2. d4 d5 3. Nc3 Bb4 4. e5 Ne7 5. a3 Bxc3+ 6. bxc3 b6 7. Qg4 Ng6 8. h4
h5 9. Qd1 Qd7 10. Be2 $1 {I think this is a very good line for White, as some
recent games have shown.} Ba6 (10... Qc6 {was played against me in 2012} 11.
Rh3 Ba6 12. Bxh5 {I think Black is in trouble already} Nxh4 13. Bg5 $1 Ng6 (
13... Nxg2+ $2 14. Kd2 $18 {White's king is safe on d2 and Black has a number
of problems to solve - to begin with, the trapped knight on g2.}) 14. Kd2 $1
Rf8 15. Qg4 Qd7 16. Bxg6 fxg6 17. Bh4 $6 (17. Rh7 $1 Rxf2+ 18. Ke3 Rf5 {
White is winning in many ways here, but the most elegant one is clearly:} 19.
Bd8 $3 (19. Bf6 $2 Qc6 $1 $132 20. Qxg6+ Kd7 {and it gets very dangerous for
White}) 19... Qf7 (19... Kxd8 20. Rh8+ Ke7 21. Qxg6 $18) 20. Bf6 $1 Rxf6 21.
exf6 Qxf6 22. Rh8+ Kd7 23. Nf3 $18) (17. Nf3 {is also very good, played in
2015 by another Brazilian grandmaster} Qf7 18. Rh7 Nd7 $2 19. Rxg7 $1 $18 Qf5
20. Re7+ Kd8 21. Rf7+ {1-0 (21) Matsuura,E (2494)-Rodriguez Vila,A (2469)
Florianopolis 2015}) 17... Nc6 $1 18. Qxg6+ Qf7 19. Qg4 Qf4+ 20. Qxf4 Rxf4 21.
Bg3 $14 {1/2-1/2 (29) Mekhitarian,K (2531)-Roselli Mailhe,B (2443) Santos 2012}
) 11. Bxh5 Qb5 12. Nh3 Nxh4 $2 (12... Nc6 $5 {is a better move} 13. Ng5 $5 $40
{and the position remains very complex} (13. Bxg6 fxg6 14. Qd3 Rxh4 15. Qxb5
Bxb5 16. a4 Bc4 17. Bg5 Rh8 18. Kd2 $13 {1-0 (51) Van Kampen,R (2607)-Adams,M 
(2753) Hoogeveen 2013})) 13. Kd2 $1 $146 {a similar idea from the 10...Qc6
variation, Ng5 is a serious threat.} (13. Ng5 $2 g6 $1 {and White is the one
losing now, because of ...Nf3+! after the bishop moves.} 14. Bg4 Nf3+ $1 $19)
13... Ng6 $2 {It was hard to give any better advice, but this loses by force.}
(13... Nxg2 14. Bxf7+ $18) (13... Nd7 14. Ng5 g6 15. a4 $1 Qa5 16. Rxh4 gxh5
17. Qf3 O-O-O 18. Nxf7 Rdf8 19. Ba3 c5 20. Rf4 Rhg8 21. Qxh5 $18) (13... g6 14.
Be2 Qxe2+ 15. Qxe2 Bxe2 16. Kxe2 {is an excellent endgame for White because of
the weak dark squares and the better play on the h-file.} Nf5 17. g4 Ne7 18.
Be3 $16 {1-0 (21) Canizares Cuadra,P (2159)-Baigorri Navarro,F (2132) ICCF
2012, followed by Ng5, and it's very hard to give any advice for Black, since
the f7-pawn is a serious problem as well.}) 14. Ng5 Nc6 15. a4 $1 {So Black
doesn't have time for Na5-Nc4.} (15. Bxg6 $4 {would waste all White's advantage
} Rxh1 {there's a mate on e2!} 16. Qf3 O-O-O $19) (15. Nxe6 $6 fxe6 16. Bxg6+
Kd7 $44 {when everything remains far from clear.}) 15... Qc4 (15... Qa5 $2 16.
Bxg6 Rxh1 {now there is an easy win for White} 17. Bxf7+ Kd8 18. Qxh1 $18) 16.
Bxg6 Rxh1 17. Bxf7+ Kd8 18. Qf3 $1 $18 {Bxe6 is the strongest threat now,
Black doesn't have time to hide his king.} Na5 (18... Nxd4 19. Nxe6+ Nxe6 20.
Bxe6 Qc6 (20... c6 21. Ba3 $1 $18) 21. Ba3 $1 Qxe6 22. Qf8+ Qe8 (22... Kd7 23.
Qxg7+ Kc6 24. Rxh1 $18) 23. Rxh1 $18) (18... Qf1 {leads to nothing} 19. Nxe6+
Kc8 20. Bb2 $18) (18... Kc8 19. Bxe6+ Kb7 20. Bxd5 $18) 19. Bxe6 Rd1+ 20. Qxd1
(20. Kxd1 $4 {never too late to go wrong} Qf1+ 21. Kd2 Nc4# {mate!}) 20... Nb3+
21. Ke3 (21. cxb3 {once again running into:} Qd3+ 22. Ke1 Qf1+ 23. Kd2 Qxf2+
24. Qe2 Qxe2#) 21... Qxc3+ 22. Kf4 {Now the white king is totally safe and Qh5
is a monster threat.} Nxa1 (22... Nxd4 23. Be3 Ne2+ 24. Kg4 $18) 23. Qh5 $1
Qxd4+ 24. Kg3 Qxe5+ 25. Bf4 Qc3+ 26. Nf3 {Followed by Bg5.} 1-0